| 000 -LEADER |
| fixed length control field |
00699cam a22001817a 4500 |
| 008 - FIXED-LENGTH DATA ELEMENTS--GENERAL INFORMATION |
| fixed length control field |
180718b2000 xxu||||| |||| 00| 0 eng d |
| 020 ## - INTERNATIONAL STANDARD BOOK NUMBER |
| International Standard Book Number |
0765806584 |
| 082 ## - DEWEY DECIMAL CLASSIFICATION NUMBER |
| Classification number |
B3 L519c |
| 245 ## - TITLE STATEMENT |
| Title |
Can governments learn?: comparative perspectives on evaluation and organizational learning |
| Statement of responsibility, etc. |
edited by Frans L. Leeuw, Ray C. Rist and R.C. Sonnichsen |
| 260 ## - PUBLICATION, DISTRIBUTION, ETC. |
| Place of publication, distribution, etc. |
New Brunswick |
| Name of publisher, distributor, etc. |
Transaction |
| Date of publication, distribution, etc. |
2000 |
| 300 ## - PHYSICAL DESCRIPTION |
| Extent |
212p. |
| 650 ## - SUBJECT ADDED ENTRY--TOPICAL TERM |
| Topical term or geographic name entry element |
Organizational change --Evaluation --Case studies. |
| 650 ## - SUBJECT ADDED ENTRY--TOPICAL TERM |
| Topical term or geographic name entry element |
Organizational behavior --Evaluation --Case studies |
| 650 ## - SUBJECT ADDED ENTRY--TOPICAL TERM |
| Topical term or geographic name entry element |
Public administration --Evaluation --Case studies |
| 700 ## - ADDED ENTRY--PERSONAL NAME |
| Personal name |
Sonnichsen, Richard C. |
| 700 ## - ADDED ENTRY--PERSONAL NAME |
| Personal name |
Rist, Ray C. |
| 700 ## - ADDED ENTRY--PERSONAL NAME |
| Personal name |
Leeuw, Frans L. |